The Social structure of modern Britain

Saved in:
Bibliographic Details
Main Author: Johns, Edward Alistair
Format: Book
Language:English
Published: Oxford : Pergamon Press, c1979
Edition:3rd ed.
Series:Pergamon international library of science, technology, engineering, and social studies
Subjects:
Tags: Add Tag
No Tags, Be the first to tag this record!

MARC

LEADER 00000nam a2200000 i 4500
001 1/70475
008 990225s1979 eng d
020 |a 0-08-023342-2 
035 |l 10048110 
040 |a GR-MY-UA  |b gre  |e aacr 
041 0 |a eng 
082 0 |a 306.0941 
100 1 |a Johns, Edward Alistair. 
245 1 4 |a The Social structure of modern Britain /  |c by E.A. Johns 
250 |a 3rd ed. 
260 |a Oxford :   |b Pergamon Press,   |c c1979 
300 |a xiv, 284 σ.;  |c 22 εκ. 
490 1 |a Pergamon international library of science, technology, engineering, and social studies 
504 |a Περιέχει βιβλιογραφικές παράπομπές και ευρετήριο 
651 0 |a Great Britain  |x Social conditions  |y 1945- 
830 0 |a Pergamon international library of science, technology, engineering, and social studies 
852 |a INST  |b LESVOS  |e 19990225  |h 306.0941 JOH  |p 005100016745  |q 005100016745  |t BK  |y 0 
901 |a BIBL-1999-1 
909 |a Λ  |b 061243 
922 |a 1ΕΛΗ  |b 199811  |c ΚΠΣ/ΤΚ  |d ΠΑΠΑΣΩΤΗΡΙΟΥ 
950 |a 103-1998-07-27